Регионална библиотека "Любен Каравелов" - Русе

Психичните увреждания и промените на съзнанието като "телесна повреда" (Запис номер 1951)

MARC детайли
000 -Лидер
Контролно поле с фиксирана дължина 01896nam a2200373 a 4500
003 - Код на организацията, давaща контролен номер
Контролно поле BLK
005 - Дата и час на последна редакция
Контролно поле 20240131113402.0
008 - Елементи от данни с фиксирана дължина
fixed length control field 180412b bul|||||r ||||||| ||bul||
010 ## - Наследен системен номер
LC control number KNG00002868000
040 ## - Източник на каталожния запис
Идентификатор на билиотеката - собственик на записа BLK
041 ## - Код за език
Код за езика на текст/звукозапис или на отделно заглавие Български
Код за езика КДБФ Български
080 ## - УДК
Текстов определител УДК Помощни съдебни науки. Съдебна психология. Съдебна химия. Съдебна медицина. Съдебномедицинска експертиза. Експерти, съдебнотехн. и счетовод. експертиза, съдебна токсикология. Вж и 343
УДК код - определител по УДК 340.6
УДК - код + определител 340.6
080 ## - УДК
Текстов определител УДК Наказателно право. Наказателен процес. Учение за престъплението. Криминология. Вж и 341.4 ; 344 ; 348
УДК код - определител по УДК 343
УДК определител (497.2)
УДК - код + определител 343(497.2)
100 1# - Редна дума - Автор
Автор Рачев, Иван Калчев
Авторска отговорност първи автор
R(LIN) 245052
139 ## - Редно поле
Редна дума Рачев, Иван Калчев и др.
Авторски знак Рач - Р 41
245 10 - Сведения за заглавието
Заглавие Психичните увреждания и промените на съзнанието като "телесна повреда"
Подзаглавни данни Изследване
Редно поле (дума) Иван Калчев Рачев; съавт. Йордан Александров Стоименов.
257 ## - Страна на издаване
Страна на създаване/издаване България
260 ## - Област на издателските данни
Място на издаване, разпространение и проч. Ловеч
Име на издателя, разпространителя и проч. Иван Рачев
Година на издаване 1994
300 ## - Физическа характеристика
Страници 158 с.
Размери/Мащаб 23 см
380 ## - Жанр
Жанр Обществени науки
500 ## - Общи забележки
Забележка 2 000 тир.
650 #4 - Допълнително описание по предмет – тема
Основно описание – тема или топоним Съдебна психиатрия
9 (RLIN) 245054
650 #4 - Допълнително описание по предмет – тема
Основно описание – тема или топоним Наказателно право - България
9 (RLIN) 242654
653 ## - Ключова дума – ненормативна
Ключова дума увреждания
653 ## - Ключова дума – ненормативна
Ключова дума психични болести
700 1# - Други автори (авторска отговорност)
Лично име Стоименов, Йордан Александров
Автороска отговорност (Описва отношението между автора и произведението) съавт.
9 (RLIN) 245053
852 ## - Местоположение
Форматна сигнатура Цб 180154
Фондова буква Хранилище
856 4# - Електронен адрес и достъп
Електронен формат pdf - файл
Път до файла /url/
856 4# - Електронен адрес и достъп
Електронен формат pdf - файл
Път до файла /url/
942 ## - АРТИКУЛИ
Вид на библиотечния материал Книги
Скрит в OPAC Не
944 ## - СЪЗДАВАНЕ И РЕДАКЦИЯ на ЗАПИСА
Създаване/Редакция Създаване
Дата на регистрацията/редакция 15.01.2003
Служител, извършил регистрацията/редакцията 30534
Статус, дата на статуса Радостина Карадакова
944 ## - СЪЗДАВАНЕ И РЕДАКЦИЯ на ЗАПИСА
Създаване/Редакция Редакция
Дата на регистрацията/редакция 08.05.2015
999 ## - СИСТЕМНИ КОНТРОЛНИ НОМЕРА
Koha biblionumber 1951
Koha biblioitemnumber 1951
999 ## - СИСТЕМНИ КОНТРОЛНИ НОМЕРА
Koha biblioitemnumber 1951
Наличности
Код за отписване Код за изгубен артикул Източник на класификационната схема Код за повреда Коз за рестрикции Код за отдаване Артикулен № Име на библиотеката - собственик Име на библиотеката, в която се намира в момента Статус (Текущо местоположение) Дата на вписване в системата Местоположение - отдел Цена в лева Инвентарен номер Систематично азбучна сигнатура Баркод Номер на екземпляра Цена в евро Служебна бележка Служебен тип на артикула
Изтеглен Не е изгубен Universal Decimal Classification Не е повреден без рестрикции заемане за дома 3671 Регионална библиотека "Любен Каравелов" Русе Регионална библиотека "Любен Каравелов" Русе Заемна - подръчен фонд 2001-01-01 Заемна - подръчен фонд 0.86 615144 П 340/Р 41 615144 1 0.44 Дост: Pk Вид: Ф N: стар фонд Дата: 01.01.2001 Книги
  Не е изгубен Universal Decimal Classification Не е повреден без рестрикции ползва се в читалня 3672 Регионална библиотека "Любен Каравелов" Русе Регионална библиотека "Любен Каравелов" Русе Хранилище 1994-01-01 Хранилище 0.00 604007 Цб 180154 120000604007 2 0.00 Дост: Dp Вид: Д N: стар фонд Дата: 01.01.1994 Дата инв: 08.05.2015 Бележки инв: Цб2015 Книги
Vip Innovations Ltd, Rousse, Bulgaria 2025